Statistics for European Countries by Coastlines

Click here to take the quiz!

General Stats

  • This quiz has been taken 10 times
  • The average score is 11 of 30

Answer Stats

HintAnswer% Correct
83 281 kmNorway
100%
5 835 kmCroatia
60%
7 314 kmDenmark
60%
3 794 kmEstonia
60%
4 853 kmFrance
60%
13 676 kmGreece
60%
4 970 kmIceland
60%
7 600 kmItaly
60%
37 653 kmRussia
60%
4 964 kmSpain
60%
12 429 kmUnited Kingdom
60%
66.5 kmBelgium
40%
4.1 kmMonaco
40%
1 793 kmPortugal
40%
46.6 kmSlovenia
40%
3 218 kmSweden
40%
362 kmAlbania
20%
20 kmBosnia and Herzegovina
20%
354 kmBulgaria
20%
1 250 kmFinland
20%
2 389 kmGermany
20%
1 448 kmIreland
20%
498 kmLatvia
20%
90 kmLithuania
20%
252.8 kmMalta
20%
451 kmNetherlands
20%
225 kmRomania
20%
2 782 kmUkraine
20%
293.5 kmMontenegro
0%
440 kmPoland
0%

Score Distribution

Percentile by Number Answered

Percent of People with Each Score

Your Score History

You have not taken this quiz